000 00576nam a2200193Ia 4500
005 20250326142924.0
008 250326s9999 xx 000 0 und d
020 _a0-87425-637-2
037 _aTextbook
040 _aFMSL
_beng
_cFMSL
041 _aeng
_2eng
084 _aX:51 P1
_qFMSL
100 _aPo-chedley D A
245 0 _aClient Relationship Management:how to turn a client relationship in a competitive advantage
_cPo-chedley D A
260 _aUSA
_bUSA, HRD Press
_c2001
300 _aix,185.
942 _cTB
_hX:51 P1
999 _c1297282
_d1297282